000 00878nas a2200301 4500
001 BR2014000990
003 BR-BrBNA
005 20231205123725.0
007 ta
008 230509b bl.|||p| |||| 00| 00por d
040 _aBR-BrBNA
_bpor
_cBiblioteca Nacional de Agricultura
041 _a(Pt)
072 _aN20; F02; F01
100 1 _aGarcia, L.C.
100 1 _aMorgado, C.B.
100 1 _aDyck, R.
100 1 _aJasper, R.
100 1 _aFornari, A.J.
245 1 _aRolo destorroador após a semeadura do trigo
650 _aPLANTIO DIRETO
650 _aPALHADA
650 _aMILHO
650 _aPRODUTIVIDADE
773 0 _tEngenharia Agrícola (Brazil)
_xISSN 0100-6916
_g(Apr-Jun 2008), v. 28(2) p. 389-395
_wBR2014000990
856 4 0 _uhttp://www.scielo.br/pdf/eagri/v28n2/a19v28n2.pdf
909 _a202311
_bLúcia
_c55
_dLúcia Elande
942 _2AGRIS
_n0
_cANA
999 _c235369
_d235369